Adivina canciones de Taylor Swift 2 - Estadísticas

Estadísticas generales
  • Esta prueba ha sido intentada 1.028 veces
  • La puntuación promedio es 11 de 20
Estadísticas de respuestas
Hint Respuesta % Correcto
you drew stars around my scars and now I’m bleeding cardigan
93%
lately I’ve been dressing for revenge vigilante shit
76%
but we were something, don’t you think so? the 1
75%
one day, we will be remembered long live
74%
nothing lasts forever, but this is getting good now wildest dreams
68%
touch me and you’ll never be alone …ready for it?
64%
don’t you think I was too young to be messed with? dear John
62%
ten months older, I won’t give in clean
61%
my heart won’t start anymore for you you’re losing me
58%
I was once poison ivy, but now I’m your daisy don’t blame me
55%
I sneak out to the garden to see you love story
53%
no, there ain’t no doubt, somebody’s gonna catch him out no body, no crime
52%
I get drunk but it’s not enough death by a thousand cuts
51%
well, I thought you might be different than the rest, I guess you’re all the same mr perfectly fine
39%
no apologies, he’ll never see you cry I knew you were trouble
33%
love is a ruthless game state of grace
32%
the only thing that keeps me wishin’ on a wishin’ star teardrops on my guitar
31%
I guess I should’ve known from the look on your face willow
31%
let the players play the man
28%
when you’re young, you just run this love
22%
No se encontraron pruebas coincidentes
Distribución de puntuación
Porcentaje de gente con cada puntuación
Porcentaje por número respondido
Historial de tus puntuaciones
No has intentado esta prueba.